La lápida mortuoria (Record no. 171165)

MARC details
000 -LEADER
campo de control de longitud fija 00971nam a22001935i 4500
001 - NÚMERO DE CONTROL
campo de control 171165
003 - IDENTIFICADOR DE NÚMERO DE CONTROL
campo de control ES-MaACL
005 - FECHA Y HORA DE LA ÚLTIMA TRANSACCIÓN
campo de control 20250704062531.0
008 - DATOS DE LONGITUD FIJA--INFORMACIÓN GENERAL
campo de control de longitud fija 090430s1859 sp |||| | spa d
100 1# - ENTRADA PRINCIPAL--NOMBRE DE PERSONA
Nombre de persona García, José María (
Fechas asociadas al nombre m. 1890)
9 (RLIN) 140006
245 13 - MENCIÓN DEL TÍTULO
Título La lápida mortuoria
Resto del título : drama en tres actos y en prosa /
Mención de responsabilidad, etc. última producción del célebre Alejandro Dumas ; arreglado del francés por José María García.
260 ## - PUBLICACIÓN, DISTRIBUCIÓN, ETC.
Lugar de publicación, distribución, etc. Madrid :
Nombre del editor, distribuidor, etc. [s.n.],
Fecha de publicación, distribución, etc. 1859 (
Fabricante Imp. de José Rodríguez)
300 ## - DESCRIPCIÓN FÍSICA
Extensión 39 p. ;
Dimensiones 18 cm.
500 ## - NOTA GENERAL
Nota general En port.: Representada con notable aplauso en el teatro de Lope de Vega el 5 de noviembre de 1859.
700 1# - ENTRADA AGREGADA--NOMBRE PERSONAL
Nombre de persona Dumas, Alexandre,
Fechas asociadas al nombre 1802-1870
Término indicativo de función/relación Autor
9 (RLIN) 241135
852 ## - LOCALIZACIÓN
Ubicación ES-MaACL
Número de control de estantería F-8588(11)
Nota libre .- Enc. pasta española
condición física - Falto de la cub. original
Nota libre - Enc. en un vol. facticio formando parte de la col. "Teatro español moderno", vol. 41
-- .- Dedicatoria manuscrita del autor
942 ## - ELEMENTOS DE ENTRADA SECUNDARIOS (KOHA)
Fuente del sistema de clasificación o colocación Clasificación decimal universal
Holdings
Estatus retirado Estado de pérdida Estado de daño No para préstamo Colección Biblioteca de origen Biblioteca actual Ubicación en estantería Fecha de adquisición Fuente de adquisición Total de préstamos Signatura topográfica completa Código de barras Visto por última vez Precio de reemplazo Tipo de ítem Koha
        Libros del s. XIX Biblioteca del Ateneo de Madrid Biblioteca del Ateneo de Madrid Sala Pecera Planta 2 30/04/2009     F-8588(11) 1179630 23/02/2023 23/02/2023 Libro impreso antiguo